| 000 | 01075cam a22002773a 4500 | ||
|---|---|---|---|
| 001 | 1626 | ||
| 003 | PGUSA | ||
| 005 | 20140828083004.0 | ||
| 008 | 990201s1999||||xxu|||||s|||||000 1 eng d | ||
| 040 |
_aPGUSA _beng |
||
| 042 | _adc | ||
| 050 | 4 | _aPR | |
| 100 | 1 |
_aCollins, Wilkie, _d1824-1889 |
|
| 245 | 1 | 0 |
_aAfter Dark _h[electronic resource] / _cWilkie Collins |
| 260 |
_bProject Gutenberg, _c1999 |
||
| 505 | 0 | _aLeaves from Leah's diary -- The traveler's story of a terribly strange bed -- The lawyer's story of a stolen letter -- The French governess's story of Sister Rose -- The angler's story of the lady of Glenwith Grange -- The nun's story of Gabriel's marriage -- The professor's story of the yellow mask. | |
| 506 | _aPublic domain in the USA. | ||
| 516 | _aElectronic text | ||
| 653 | _aDiary fiction | ||
| 653 | _aShort stories, English | ||
| 653 | _aMystery fiction | ||
| 653 | _aEngland -- Social life and customs -- 19th century -- Fiction | ||
| 830 | 0 |
_aProject Gutenberg _v1626 |
|
| 856 | 4 | 0 | _uhttp://www.gutenberg.org/ebooks/1626 |
| 942 | _cEB | ||
| 999 |
_c230974 _d230974 |
||